|
|
|
|
| LEADER |
00000nam0a2200000 4500 |
| 001 |
333562 |
| 005 |
20231102004552.0 |
| 035 |
|
|
|a (RuTPU)RU\TPU\book\359575
|
| 090 |
|
|
|a 333562
|
| 100 |
|
|
|a 20170620d1967 k y0rusy50 ca
|
| 101 |
0 |
|
|a rus
|
| 102 |
|
|
|a AZ
|
| 105 |
|
|
|a a dm 001zy
|
| 200 |
1 |
|
|a Исследования в области диеновой конденсации гексахлорциклопентадиена с ангидридом цис-∆4-циклогексен-1,2 дикарбоновой кислоты, его производными и некоторые превращения полученных соединений
|e автореферат диссертации на соискание ученой степени кандидата химических наук
|f Т. Г. Кязимова
|g Академия наук Азербайджанской ССР, Институт нефтехимических процессов им. Ю. Г. Мамедалиева ; науч. рук. М. М. Гусейнов ; науч. рук. М. С. Салахов
|
| 210 |
|
|
|a Баку
|d 1967
|
| 215 |
|
|
|a 21 с.
|c ил.
|
| 300 |
|
|
|a Защита сост. 19.03.1967 г.
|
| 320 |
|
|
|a Библиогр.: с. 21 (6 назв.)
|
| 606 |
1 |
|
|a Циклопентадиены
|x Химия
|2 stltpush
|3 (RuTPU)RU\TPU\subj\76562
|9 87572
|
| 610 |
1 |
|
|a авторефераты диссертаций
|
| 610 |
1 |
|
|a диеновая конденсация
|
| 610 |
1 |
|
|a гексахлорциклопентадиен
|
| 610 |
1 |
|
|a ангидриды
|
| 610 |
1 |
|
|a карбоновая кислота
|
| 610 |
1 |
|
|a производные
|
| 675 |
|
|
|a 547.51(04)
|v 4
|
| 700 |
|
1 |
|a Кязимова
|b Т. Г.
|
| 702 |
|
1 |
|a Гусейнов
|b М. М.
|4 727
|
| 702 |
|
1 |
|a Салахов
|b М. С.
|4 727
|
| 712 |
0 |
2 |
|a Академия наук Азербайджанской ССР
|b Институт нефтехимических процессов им. Ю. Г. Мамедалиева
|c (Баку)
|2 stltpush
|3 (RuTPU)RU\TPU\col\8002
|9 24444
|
| 801 |
|
1 |
|a RU
|b 63413507
|c 20170620
|
| 801 |
|
2 |
|a RU
|b 63413507
|c 20220804
|g RCR
|
| 942 |
|
|
|c BK
|